| 000 | 00576nam a2200193 a 4500 | ||
|---|---|---|---|
| 001 | 3881 | ||
| 005 | 20140414132041.0 | ||
| 008 | 040128s19uu xx 00 eng d | ||
| 020 | _a971-8634-04-5 | ||
| 050 |
_aBB _bM88 2002 |
||
| 100 | _aSantos, Nati | ||
| 245 | 0 |
_aThe most beautiful house in the forest / _cNati Santos and Dinna Santos-Polo. |
|
| 260 |
_aPhilippines : _bLittle big books, _c2002. |
||
| 300 | _a16 p. : ill. ; cm. | ||
| 440 | _aLittle Big Book Early Reading Series-Set 1 | ||
| 650 |
_aHouses _xFiction. |
||
| 650 | _aChildren stories. | ||
| 999 |
_c113867 _d113867 |
||